00318nam a2200121Ia 45000030006000000080041000060400015000471000030000622450044000922600031001365460012001670050017001790STCL150530s9999 xx 000 0 und d aSTCLcSTCL aMythili, S; Kadambari, V. aFlorets : A Collection of Short Stories bPublication Divisionc2005 aEnglish20220125171044.0